000 00528nam a2200205Ia 4500
003 LK-CoDNM
005 20250214160216.0
008 010623t1949 xxu||||| |||| 00| 1 sin d
040 _aLK-CoDNM
_dLK-CoDNM
_eLK-CoDNM
041 _aeng
080 _aRC375
100 _aPhilips, W.W.A,
245 _aA (1952) Revised Checklist of the Birds of Ceylon
260 _bCeylon Government Press
_aColombo
_c1953
300 _a132p., ill ; 24 cm
650 _aZoology
650 _aAnimals
650 _aBirds
942 _cBK
999 _c238007
_d238007